000 00330nam a2200109Ia 4500
008 220120s9999||||xx |||||||||||||| ||und||
100 _aRosen, Kenneth Ho , Douglas, A. Etal.
_912853
245 0 _aComplete reference unix
260 _aTata mcgraw hill company Ltd
_bNew Delhi
_c2005
300 _aXVI,1442
_b285
650 _aHUMANITIES
999 _c132381
_d132381